Statistics for Ethnic Minorities of Russia by Flag

Click here to take the quiz!

General Stats

  • This quiz has been taken 377 times
  • The average score is 23 of 74

Answer Stats

Answer% Correct
Ukrainians
91%
Kazakhs
86%
Armenians
84%
Georgians
83%
Azerbaijanis / Azeris
80%
Estonians
78%
Latvians
77%
Moldovans
76%
Uzbeks
74%
Kyrgyz people
72%
Lithuanians
72%
Belarusians
70%
Tajiks
69%
Turkmens
69%
Jews
68%
Volga Tatars
68%
Poles
64%
Chechens
55%
Abkhaz people
53%
Ossetians
51%
Ruska Roma
47%
Sámi people
45%
Chuvash people
41%
Bashkirs
40%
Kalmyks
40%
Karelians
38%
Tuvans
38%
Yakuts / Sakha people
38%
Adyghe people / Circassians
36%
Ingush people
36%
Buryats
34%
Udmurts
33%
Mari people
28%
Altai people
25%
Crimean Tatars
25%
Komi-Zyryans
24%
Nenets people
22%
Kabardians (Adyghe)
21%
Avars
19%
Erzyas (Mordvins)
18%
Ingrian Finns
18%
Volga Germans
16%
Khanty people + Mansi people
14%
Nogais
14%
Mokshas (Mordvins)
13%
Chukchis
12%
Veps / Vepsians
12%
Don Cossacks (not an ethnicity)
11%
Khakas people
11%
Karachays and Balkars
10%
Abaza people / Abazins
9%
Evenks
8%
Kumyks
8%
Permyaks (Komi)
8%
Dargins
7%
Kuban Cossacks (not an ethnicity)
7%
Lezgins
7%
Dolgans
6%
Koryaks
6%
Tabasarans
6%
Aghuls
5%
Izhorians
5%
Laks
5%
Rutuls
5%
Talysh people
5%
Meskhetian/Ahiska Turks
4%
Tsakhurs
4%
Votes
4%
Hemshins
3%
Itelmens
3%
Nanai people
3%
Selkups
3%
Teleuts (Southern Altai)
2%
Kumandins (Northern Altai)
1%

Score Distribution

Percentile by Number Answered

Percent of People with Each Score

Your Score History

You have not taken this quiz